| 000 | 01080cam a2200241 4500 | ||
|---|---|---|---|
| 001 | WB3705-02 | ||
| 008 | 000000n2001 000 0 eng u | ||
| 035 | _a(Sirsi) u110639 | ||
| 245 | _aTough safety targets call for strong action | ||
| 260 | _c2001 | ||
| 490 |
_aConstruction News _v(6700) 25 January 2001, 3 |
||
| 490 |
_aNew Civil Engineer _v(1383) 18 January 2001, 12(2) |
||
| 520 | _aSafety targets set by the Health and Safety Commission have been attacked by trade union leaders, and other industry players, as being inadequate and too soft. In response, the Construction Industry Advisory Committee has issued its own targets. These include a call for a two-thirds reduction in the number of deaths and major accidents on construction sites over the next eight years. | ||
| 590 | _aWB | ||
| 650 | _aHEALTH AND SAFETY COMMISSION | ||
| 650 | _aCONSTRUCTION INDUSTRY ADVISORY COMMITTEE | ||
| 650 | _aTARGETS | ||
| 650 | _aCONSTRUCTION SITES | ||
| 650 | _aSITE SAFETY | ||
| 650 | _aACCIDENTS | ||
| 690 | _aBUILT ENVIRONMENT-BUILDING STANDARDS | ||
| 942 | _n0 | ||
| 999 |
_c65928 _d65928 |
||